000 00237nam a2200097Ia 4500
005 20251222114347.0
008 251222s1900||||xx |||||||||||||| ||spa||
082 _aDVD0070/C38/2002
245 0 _aEl amigo americano:Ripley's Game
942 _cDVD
999 _c1094
_d1094